| 000 | 00521nam a2200109Ia 4500 | ||
|---|---|---|---|
| 008 | 160712s9999 xx 000 0 und d | ||
| 100 | _aLumbera, Beinvenido L. | ||
| 245 |
_cBienvenido Lumbera _aThe Impulse Toward Modernity and The Waste Land in Tagalog Translation: Receptivity and Resistance in the Reworlding of a Modern Classic |
||
| 260 |
_c2015 _bJournal of English Studies and Comparative Literature |
||
| 650 | _xLITERATURE | ||
| 856 | _uhttp://journals.upd.edu.ph/index.php/jescl/issue/view/Special%20Edition/showToc | ||
| 999 |
_c297074 _d297074 |
||